Hamilton Cast - Statistics

General Stats
  • This quiz has been taken 1,204 times
  • The average score is 8 of 11
Answer Stats
Hint Answer % Correct
Alexander Hamilton Lin-Manuel Miranda
99%
Marquis de Lafayette/Thomas Jefferson Daveed Diggs
88%
Aaron Burr Leslie Odom Jr.
87%
Eliza Schuyler Hamilton Phillipa Soo
83%
John Laurens/Philip Hamilton Anthony Ramos
81%
George Washington Christopher Jackson
78%
King George III Jonathan Groff
75%
Angelica Schuyler Renee Elise Goldsberry
64%
Peggy Schuyler/Maria Reynolds Jasmine Cephas Jones
62%
Hercules Mulligan/James Madison Okieriete Onaodowan
38%
Samuel Seabury Thayne Jasperson
38%
No matching quizzes found
Score Distribution
Percent of People with Each Score
Percentile by Number Answered
Your Score History
You have not taken this quiz